Antonio Caro : (Registro nro. 20336)

Detalles MARC
000 -CABECERA
Campo de control 01215nam a2200301 a 4500
005 - FECHA Y HORA DE LA ULTIMA TRANSACCION
Campo de control 20181019144323.0
008 - ELEMENTOS DE LONGITUD FIJA—INFORMACION GENERAL
Campo de control 150316s2014 ck a gr 00010 spa d
020 ## - ISBN
ISBN 9789589726655 (Colección)
020 ## - ISBN
ISBN 9789585862517 (Símbolo nacional)
040 ## - FUENTE DE CATALOGACIÓN
Agencia catalogadora original CO-BoBLA
Agencia transcriptora CO-BoBLA
Agencia Modificadora CO-BoIAVH
041 0# - IDIOMA
Código de idioma para texto/pista de sonido o título separado Español
044 ## - PAÍS DE PUBLICACIÓN
País de publicación Colombia
082 04 - NUMERO DE CLASIFICACION DECIMAL DEWEY
Número de clasificación 709.8
Número del ítem C29a
245 10 - MENCION DE TITULO
Título Antonio Caro :
Parte restante del título símbolo nacional /
Mención de responsabilidad dirección editorial José Roca y Alejandro Martín
246 30 - FORMA VARIANTE DEL TITULO
Título propiamente dicho/forma breve del título Símbolo nacional
260 ## - PUBLICACION, DISTRIBUCION, ETC. (PIE DE IMPRENTA)
Lugar de publicación, distribución, etc. Bogotá (Colombia) :
Nombre del editor, distribuidor, etc. Seguros Bolívar,
Fecha de publicación, distribución, etc. 2014.
300 ## - DESCRIPCION FISICA
Extensión 113 páginas :
Otros detalles físicos ilsutraciones y fotografías ; ;
Dimensiones 29 x 25 cm.
490 0# - MENCION DE SERIE
Mención de serie Colección de Arte Contemporáneo Seguros Bolívar
504 ## - NOTA DE BIBLIOGRAFIA, ETC.
Nota de bibliografía Incluye referencias bibliográficas.
600 14 - ASIENTO SECUNDARIO DE MATERIA - NOMBRE PERSONAL
Nombre persona Caro Lopera, José Antonio
Fechas asociadas con el nombre 1950-
Subdivisión general Trabajos artísticos
Subdivisión de forma Catálogos
9 (RLIN) 101375
650 24 - ASIENTO SECUNDARIO DE MATERIA - TERMINO TEMATICO
Término temático o nombre geográfico como elemento de entrada Arte colombiano
Subdivisión de forma Catálogos
9 (RLIN) 101369
650 24 - ASIENTO SECUNDARIO DE MATERIA - TERMINO TEMATICO
Término temático o nombre geográfico como elemento de entrada Artistas plásticos colombianos
Subdivisión de forma Catálogos
9 (RLIN) 101370
650 24 - ASIENTO SECUNDARIO DE MATERIA - TERMINO TEMATICO
Término temático o nombre geográfico como elemento de entrada Arte conceptual
Subdivisión de forma Catálogos
9 (RLIN) 101376
700 1# - ASIENTO SECUNDARIO - NOMBRE PERSONAL
Nombre personal Caro Lopera, José Antonio
Fechas asociadas con el nombre 1950-
Término de relación ilustrador
9 (RLIN) 101375
700 1# - ASIENTO SECUNDARIO - NOMBRE PERSONAL
Nombre personal Roca, José Ignacio
Término de relación editor
9 (RLIN) 101371
700 1# - ASIENTO SECUNDARIO - NOMBRE PERSONAL
Nombre personal Martín, Alejandro
Término de relación editor
9 (RLIN) 101372
942 ## - ELEMENTOS ADICIONALES (KOHA)
Sistema de clasificación Dewey Decimal Classification
Tipo de ítem Libro
Existencias
Withdrawn status Lost status Sistema de Clasificación Damaged status No para préstamo Colección Inventariado Ubicación Permanente Ubicación actual Fecha de adquisición Total Checkouts Número topográfico Inventario / Código de Barras Date last seen Ejemplar Price effective from Forma de adquisición Tipo de material
    Dewey Decimal Classification     General Inventariado 2018 Bogotá Bogotá 19/10/2018   LB-709.8 C29a 030352 19/10/2018 Ej. 1 19/10/2018 Donación Libro